01226nam a22003617a 4500003000400000005001700004008004100021040002200062082001800084100002900102245007000131260002900201300001900230366000800249490002500257505002200282505001900304505003300323505001500356505001500371505001900386505002400405505004300429505005500472505001700527650004100544650004400585650005500629650004800684650004300732650004500775651004400820OSt20230518131437.0221006b |||||||| |||| 00| 0 eng d cBiblioteca Lado V a701.18bA658t aAraeen, Rasheedeeditora aThird Text/bCritical Perspectives on Contemporary Art & Culture/ bRoutledgec2004aLondres c19x25cma102p. espa a1v66v18x0952-8822 aFrank A O Ugiomoh aJames Annesley aKatarzyna Murawska-Muthesius aMina Gorji aAlex Rotas aCynthia Canejo aWendy Meryem K Shaw aForumgOlu Oguibe Chritian Hanussek  aReviewsgDore Ashton Anthony Downey Anna Dezeuze aContributors 2Tesauro de Arte & ArquitecturaaARTE 2Tesauro de Arte & ArquitecturaaCRITICA 2Tesauro de Arte & ArquitecturaaARTE CONTEMPORANEO 2Tesauro de Arte & ArquitecturaaAPRECIACION 2Tesauro de Arte & ArquitecturaaTEORIA 2Tesauro de Arte & ArquitecturaaANALISIS 2Tesauro de Arte & ArquitecturaaLONDRES